000 01358nam a2200349 c 4500
999 _c87618
_d87618
003 BLK
005 20250206131425.0
008 180408b bul|||||r ||||||| ||bul||
010 _aKNG00092263000
040 _aBLK
041 _aBUL
_cBUL
080 _aАмериканска литература (на САЩ)
_b821.111(73)
_x-31
_z821.111(73)-31
100 1 _aХелър, Джоузеф
_eпърви автор
_9244054
139 _aХелър, Джоузеф
_bХ 40
245 1 0 _aПараграф 22
_bРоман
_cДжоузеф Хелър; прев. от англ. Боян Атанасов.
257 _aUSA
260 _aСофия
_bНар. култура
_c1977
300 _a547 с.
_c21 см
380 _aX
490 _aБиблиотека Избрани романи
_v№ 1
_9201228
500 _aОриг. загл. Catch 22 / Joseph Heller. - Авт. не е отбелязан на кор. - 30 125 тир.
653 _aромани
700 1 _aАтанасов, Боян
_eпрев. от англ.
_9285743
852 _aЦб 85676
_bЦб
856 4 _qpdf
_i0.00
_ldisable
856 4 _qpdf
_i0.00
_ldisable
942 _cKNG
_n0
_031
_s1
944 _aCR
_c27.10.2009
_lАнна Гръцманова
_k30564
944 _aED
_c26.04.2016
_lф /
_kЛюдмила_Стоянова
944 _aED
_c2022-10-27
999 _d87618